000 00375nam a2200133Ia 4500
005 20260328104317.0
008 260328s9999||||xx |||||||||||||| ||und||
100 _aLoreto, Ana
245 0 _aPabellon de Venezuela :
_b Expo 92 Sevilla una aplicación de Estructuras transFormable /
_cAna Loreto
260 _bAltair
300 _a100 p.
650 _aVENEZUELA
942 _cBK
999 _c11189
_d11189